El pensamiento cepalino en la Revista de la CEPAL (1976-2008) /
Este Artículo examina el papel que ha desempeñado la Revista de la CEPAL como difusora del pensamiento cepalino y de otras corrientes analíticas que exploran los problemas del desarrollo. Para ello estudia una parte de la extensa colección de artículos que la revista publicó entre 1976 y el 2008, ce...
Saved in:
| Main Author: | |
|---|---|
| Other Authors: | |
| Format: | Text |
| Subjects: | |
| Tags: |
Add Tag
No Tags, Be the first to tag this record!
|
MARC
| LEADER | 00000 a a2200000 04500 | ||
|---|---|---|---|
| 001 | 16035 | ||
| 003 | |||
| 040 | |||
| 100 | |a Hofman, André | ||
| 245 | |a El pensamiento cepalino en la Revista de la CEPAL (1976-2008) / |c André Hofman ; Miguel Torres | ||
| 520 | |a Este Artículo examina el papel que ha desempeñado la Revista de la CEPAL como difusora del pensamiento cepalino y de otras corrientes analíticas que exploran los problemas del desarrollo. Para ello estudia una parte de la extensa colección de artículos que la revista publicó entre 1976 y el 2008, centrándose en aquellos que se aproximan de forma más nítida de las preocupaciones permanentes de la CEPAL (crecimiento y progreso técnico, pobreza e inequidad social, desarrollo sustentable y democracia y ciudadanía) y agrupándolos según el equipo directivo de la revista bajo el cual fueron publicados: Prebisch-Gurrieri, Pinto-Lahedra Y Altimir-Bajraj. Concluye con la presentación y somero análisis de los ensayos Prebisch (1980), Pinto(1976) y Altimir (1994) | ||
| 650 | |a CEPAL | ||
| 650 | |a PUBLICACIONES PERIODICAS | ||
| 650 | |a HISTORIA ECONOMICA | ||
| 650 | |a DESARROLLO ECONOMICO | ||
| 650 | |a DESARROLLO SOCIAL | ||
| 650 | |a DESARROLLO SOSTENIBLE | ||
| 650 | |a ECONOMISTAS | ||
| 650 | |a AMERICA LATINA Y EL CARIBE | ||
| 700 | |a Torres, Miguel | ||
| 773 | |g número 96; páginas 9-26 | ||
| 999 | |c 32492 |d 32492 | ||
